Holy things - Statistics

General Stats
  • This quiz has been taken 24 times
  • The average score is 9 of 19
Answer Stats
Hint Answer % Correct
King Arthur's cup Holy Grail
95%
The father, the son, and the holy spirit Holy Trinity
95%
Collection of Judeo-Christian texts Holy Bible
86%
Israel and Palestine Holy Land
86%
Repels vampires Holy Water
82%
Marriage Holy Matrimony
73%
Expression of surprise Holy Moley
68%
Historic confederation of German kingdoms, cities, and duchies Holy Roman Empire
64%
Christmas Eve Holy Night
59%
Attitude of self-righteousness and moral superiority Holier than thou
41%
Easter Eve Holy Saturday
41%
1815 Coalition between German, Russian, and Austrian Empires Holy Alliance
32%
Eucharist liturgy Holy Mass
32%
Led Zeppelin's fifth album, "abodes" high in 1973 charts Houses of the Holy
27%
"Splashing" Ronny James Dio song Holy Diver
14%
Church in Old Jerusalem's Christian Quarter Church of the Holy Sepulchre
9%
Film by Alejandro Jodorowsky, "peaked" in 1973 Holy Mountain
9%
"Hot" Annual miracle occuring at the above Holy Fire
5%
"Horror" novel by H.G. Wells Holy Terror
5%
No matching quizzes found
Score Distribution
Percent of People with Each Score
Percentile by Number Answered
Your Score History
You have not taken this quiz